| 000 | 00430cam a2200169ua 4500 | ||
|---|---|---|---|
| 020 | _c1.00 | ||
| 041 |
_amal _h |
||
| 082 |
_a894.812301 _bABD/TO |
||
| 100 | _aAbdul Khader, Vakkom. | ||
| 245 |
_aTolstoy kathakal Part III / _cVakkom Abdul Khader. _hTextual Documents |
||
| 260 |
_aTrivandrum : _bBalan publications , _c1963. |
||
| 300 | _a42 ; . | ||
| 365 | _a1.00 | ||
| 504 | _a | ||
| 942 | _cBK | ||
| 999 |
_c11750 _d11750 |
||